| 000 | 01277cam a2200229 4500 | ||
|---|---|---|---|
| 001 | L136991 | ||
| 008 | 070308s2007 xxk f 000 0 eng d | ||
| 035 | _a(Sirsi) u136991 | ||
| 041 | 0 | _aeng | |
| 050 | 0 | 4 | _a333.33 $2 18 |
| 110 | 2 |
_aRoyal Institution of Chartered Surveyors _bEconomics _95033 |
|
| 245 | 0 | 0 |
_aRICS UK Economic Brief February 2007 _bstrong global economic conditions put UK on course for higher interest rates _h[electronic resource] |
| 260 |
_aLondon _bRICS _c2007 |
||
| 490 | 0 |
_aRICS UK Economic Brief _vFebruary 2007 |
|
| 520 | _aDiscusses the growth in the UK economy in the final quarter of 2006 , which has been accelerating since a low point in mid 2005. Reports that strength in the corporate sector has raised concerns over inflation pressures, particularly in wages, pointing to additional interest rate rises in the months ahead. Predicts higher interest rates despite renewed financial market volatility in late February as the global economic backdrop remains good. | ||
| 590 | _aKA | ||
| 650 | 2 | 4 | _aRICS UK ECONOMIC BRIEF |
| 651 | 4 |
_aUnited Kingdom _y |
|
| 690 | _aPROPERTY-PROPERTY MARKET | ||
| 856 | 4 | 8 |
_uhttps://www.rics.org/site/download_feed.aspx?fileID=863&fileExtension=PDF _zView the item free of charge at www.rics.org |
| 942 | _n0 | ||
| 999 |
_c106573 _d106573 |
||